000
00307nam a2200133Ia 4500
100
_a
Kratfel/ E.R.
942
_c
BK
654
_a
Modern sheet metal
245
_a
Introd. to modern sheet metal
260
_b
Reston Publishing & Co
_a
U.S.A.
_c
1976
082
_a
671.823
300
_a
241
546
_a
ENGLISH
999
_c
34198
_d
34198